Alicia en el país de las maravillas
Guardado en:
| Autor principal: | |
|---|---|
| Formato: | Libro |
| Lenguaje: | Spanish |
| Publicado: |
Buenos Aires, Argentina
Bureau
2000
|
| Materias: | |
| Etiquetas: |
Agregar Etiqueta
Sin Etiquetas, Sea el primero en etiquetar este registro!
|
MARC
| LEADER | 00000nam a22000007a 4500 | ||
|---|---|---|---|
| 008 | 170626b xxu||||| |||| 00| 0 spa d | ||
| 040 | |a cru BVZT | ||
| 090 | |a 820 C-3.1a | ||
| 100 | |a Carroll, Lewis | ||
| 245 | |a Alicia en el país de las maravillas | ||
| 260 | |a Buenos Aires, Argentina |b Bureau |c 2000 | ||
| 300 | |a 98 páginas | ||
| 650 | |a LITERATURA INGLESA | ||
| 650 | |a EN IDIOMA ESPAÑOL | ||
| 650 | |a LITERATURA FANTÁSTICA | ||
| 999 | |c 15337 |d 15337 | ||
| 942 | |c 15 D |h 820 C-3.1a |2 z | ||
